000 00707nam a22002057a 4500
003 OSt
005 20250822024739.0
008 250822b |||||||| |||| 00| 0 eng d
020 _a978-981-4516-36-5
040 _aDWC-Main Lib
_cOC
082 _aCirc. 641.595 T882h 2014
100 _aTsung-Yun, Wan
245 _aHome-style taiwanese cooking :
_bfamily favorites. classic street foods. popular snacks/
_cWan Tsung-Yun
260 _aSingapore :
_bMarshall Cavendish Cuisine,
_cc2014.
300 _a160 pages :
_billustrations (chiefly color) ;
_c26cm.
650 _a1. Cooking-- Taiwan.
650 _a2. Cooking, Chinese-Taiwanese Style.
650 _a3. Cookbooks.
942 _2ddc
_cBK-CIRC
_kCirc.
_n0
999 _c4154
_d4154